Sun in 20 different languages - Statistics

General Stats
  • This quiz has been taken 38 times
  • The average score is 12 of 20
Answer Stats
Sun Language % Correct
太阳 (Tàiyáng) Chinese/Japanese
96%
Sol Danish/Norwegian/Spanish/Swedish
93%
Soleil French
93%
ήλιος (Ílios) Greek
93%
태양 (Taeyang) Korean
93%
रवि (Ravi) Hindi
85%
Güneş Turkish
85%
שמש (Shamash) Hebrew
81%
Słońce Polish
81%
mặt trời Vietnamese
78%
Matahari Indonesian/Malay
52%
Ra Maori/ancient Egyptian
52%
Slnko Slovak
44%
Nap Hungarian
41%
нар (Nar) Mongolian
41%
Jua Swahili
41%
Jóhonaaʼéí Navajo
33%
Hawaiian/Samoan
30%
Siqniq Inuit
11%
Shekh Dothraki
7%
No matching quizzes found
Score Distribution
Percent of People with Each Score
Percentile by Number Answered
Your Score History
You have not taken this quiz